[Event "Ruhrgebiet VK2 0304"]
[Site "Ruhrgebiet"]
[Date "2004.03.28"]
[Round "8.7"]
[White "Weinert, Olaf"]
[Black "Nachbar, Benjamin"]
[Result "0-1"]
[WhiteElo "1815"]
[BlackElo "2001"]
[PlyCount "58"]
[EventDate "2003.09.28"]
[EventType "team"]
[EventRounds "9"]
[EventCountry "GER"]
[SourceTitle "EXT 2007"]
[Source "ChessBase"]
[SourceDate "2006.11.23"]
[SourceVersion "1"]
[SourceVersionDate "2006.11.23"]
[SourceQuality "1"]
[WhiteTeam "Ruettenscheid Rochade"]
[BlackTeam "Dortmund Hansa III"]
[WhiteTeamCountry "GER"]
[BlackTeamCountry "GER"]

1. e4 c6 2. b3 d5 3. e5 Bf5 4. Be2 e6 5. Bg4 Qg5 6. Bf3 Bxc2 7. Qxc2 Qxe5+ 8. Ne2 Qxa1 9. Nec3 Na6 10. a3 Nb4 11. axb4 Qa6 12. b5 Qb6 13. bxc6 Qxc6 14. 0-0 Nf6 15. Re1 Be7 16. Ba3 Bxa3 17. Nxa3 0-0 18. Qd3 Qc5 19. Nc2 Rfc8 20. Ne3 Qb4 21. Ne2 Nd7 22. Nc2 Qb6 23. Ncd4 g6 24. Ng3 Rc7 25. Bg4 Rac8 26. h4 Rc1 27. Rxc1 Rxc1+ 28. Kh2 Ne5 29. Qe2 Qxd4 0-1

[Event "Ruhrgebiet VK2 0304"]
[Site "Ruhrgebiet"]
[Date "2004.02.29"]
[Round "7.8"]
[White "Weinert, Olaf"]
[Black "Seibert, Michael"]
[Result "0-1"]
[WhiteElo "1815"]
[BlackElo "1863"]
[PlyCount "55"]
[EventDate "2003.09.28"]
[EventType "team"]
[EventRounds "9"]
[EventCountry "GER"]
[SourceTitle "EXT 2007"]
[Source "ChessBase"]
[SourceDate "2006.11.23"]
[SourceVersion "1"]
[SourceVersionDate "2006.11.23"]
[SourceQuality "1"]
[WhiteTeam "Ruettenscheid Rochade"]
[BlackTeam "Oberhausen II"]
[WhiteTeamCountry "GER"]
[BlackTeamCountry "GER"]

1. e4 d6 2. d4 Nf6 3. Bd3 g6 4. Bg5 Bg7 5. Qd2 c5 6. d5 Nxe4 7. Bxe4 Bxb2 8. c3 Bxa1 9. Ne2 Qb6 10. 0-0 Bg4 11. f3 Bd7 12. Re1 Qb2 13. Qe3 f6 14. Bh4 Na6 15. Nc1 0-0-0 16. Re2 Qb6 17. Nb3 Bb5 18. Rd2 f5 19. Bc2 Ba4 20. Nxa1 Bxc2 21. Nxc2 Qxb1+ 22. Kf2 Qb6 23. Bxe7 Rd7 24. Bf6 Rf8 25. Bg5 Nc7 26. c4 Re8 27. Qa3 Na6 28. Rd3 0-1

[Event "Ruhrgebiet VK2 0304"]
[Site "Ruhrgebiet"]
[Date "2004.01.11"]
[Round "5.8"]
[White "Weinert, Olaf"]
[Black "Mattern, Jochen"]
[Result "0-1"]
[WhiteElo "1815"]
[BlackElo "1768"]
[PlyCount "44"]
[EventDate "2003.09.28"]
[EventType "team"]
[EventRounds "9"]
[EventCountry "GER"]
[SourceTitle "EXT 2007"]
[Source "ChessBase"]
[SourceDate "2006.11.23"]
[SourceVersion "1"]
[SourceVersionDate "2006.11.23"]
[SourceQuality "1"]
[WhiteTeam "Ruettenscheid Rochade"]
[BlackTeam "Erkenschwick II"]
[WhiteTeamCountry "GER"]
[BlackTeamCountry "GER"]

1. e4 c5 2. Nc3 d6 3. g3 g6 4. Bg2 Bg7 5. d3 Nc6 6. Be3 e6 7. Qd2 Nge7 8. Bh6 0-0 9. h4 f5 10. h5 Rf7 11. hxg6 Nxg6 12. Bxg7 Rxg7 13. 0-0-0 Nd4 14. Nf3 Qa5 15. Ng5 f4 16. Rh6 e5 17. Rdh1 Nf8 18. gxf4 exf4 19. Nxh7 Nxh7 20. Rxh7 Rxh7 21. Qxf4 Rxh1+ 22. Bxh1 Ne2+ 0-1

[Event "Ruhrgebiet VL,VK 9900 Relegation2"]
[Site "Ruhrgebiet"]
[Date "2000.06.04"]
[Round "1"]
[White "Dachrodt, Heinz Guenther"]
[Black "Weinert, Olaf"]
[Result "1/2-1/2"]
[WhiteElo "1741"]
[BlackElo "1840"]
[PlyCount "59"]
[EventDate "2000.??.??"]
[EventType "team-tourn"]
[EventRounds "3"]
[EventCountry "GER"]
[SourceTitle "EXT 2024"]
[Source "ChessBase"]
[SourceDate "2023.10.10"]
[SourceVersion "1"]
[SourceVersionDate "2023.10.10"]
[SourceQuality "1"]
[WhiteTeam "Witten Annen"]
[BlackTeam "Ruettenscheid Rochade"]
[WhiteTeamCountry "GER"]
[BlackTeamCountry "GER"]

1. e4 c5 2. Nf3 Nc6 3. d4 cxd4 4. Nxd4 e5 5. Nxc6 bxc6 6. c4 Nf6 7. Nc3 Bb4 8. Bd3 0-0 9. 0-0 Bxc3 10. bxc3 Qa5 11. Qc2 d5 12. cxd5 cxd5 13. exd5 Qxd5 14. c4 Qc6 15. Re1 Bb7 16. f3 Rfe8 17. Bb2 e4 18. Bxe4 Nxe4 19. Rxe4 Rxe4 20. Qxe4 Qxe4 21. fxe4 Rd8 22. Bc3 Bxe4 23. c5 Rd3 24. Be1 f6 25. a3 Kf7 26. Kf2 Ke6 27. g3 f5 28. Ke2 Rb3 29. Bf2 Bf3+ 30. Kf1 1/2-1/2